000 00448nam a2200157 a 4500
001 000043181
005 20201002040712.0
008 140221s1988 sp 000 0 spa d
020 _a840391010X
040 _aDO-SdBNP
_bspa
_cBNPHU
100 1 _aDrago, Tito
_970771
245 1 0 _aCentro América, una paz posible. /
_cTito Drago.
260 _aMadrid, :
_bEl país,
_c1988.
300 _a278 p. ;
_c21 cm.
500 _aIncluye notas al pie de página
999 _c42670
_d42670